000 00282nam a22001337a 4500
008 170612b xxu||||| |||| 00| 0 eng d
020 _a0813314771
041 _aeng
080 _a93
100 _a19
101 _aSHP
245 _aRURAL COMMUNITIES
_cBUTLER, C
942 _2udc
_cBK
999 _c17032
_d17032